| 000 | 00816nam a2200265 i 4500 | ||
|---|---|---|---|
| 003 | DO-SdBNP | ||
| 005 | 20240626141048.0 | ||
| 007 | ta | ||
| 008 | 240626b1984 ag ||||| |||| 00| 0 spa d | ||
| 020 | _a9500403153 | ||
| 040 |
_aDO-SdBNP _bspa _cBNPHU _erda |
||
| 082 | 4 | _222 | |
| 100 |
_aLynch, John, _965630 _eautor |
||
| 245 | 1 | 0 |
_aJuan Manuel de Rosas 1829-1852 / _cJohn Lynch ; traducción, Benigno H. Andrada |
| 264 | 4 |
_aBuenos Aires, Argentina : _bEmecé, _c1984. |
|
| 300 |
_a391 páginas ; _c230 cm. |
||
| 336 |
_2rdacontent _atexto _btxt |
||
| 337 |
_2rdamedia _asin mediación _bn |
||
| 338 |
_2rdacarrier _avolumen _bnc |
||
| 504 | _aBibliografía : páginas 367-382 | ||
| 590 | _aInventariado, 2024/BT | ||
| 700 |
_aAndrada, Benigno H., _etraducción _912216 |
||
| 910 | _aBtavárez | ||
| 942 |
_2ddc _cLBS1 |
||
| 999 |
_c57021 _d57021 |
||